{"text_format":"1","workbook":"xlsx","n_sheets":7,"sheets":["SKU","MRP","Sheet2","Production plan","Report","BOM","Sheet1"],"not_rendered":{"charts":0,"images":0,"macros":1,"external_links":0,"defined_names":1,"comments":0,"pivot_tables":1},"unopened":[],"bounds":{"document_bytes":16777216,"sheet_cells":100000,"rows_first":2000,"rows_last":500,"rows_between":2000,"halvings":0,"cell_chars":16384,"cell_head_chars":4096},"cells_cut":0,"cells_raw":0,"read":"whole","date_system":"1900"}

{"sheet":"SKU","index":0,"n_rows":6,"n_cols":4,"rows_kept":6,"cut":false,"hidden":false,"merged":[]}
["Code","COMPONENT","Units","COST"]
["AA15","BAKINF POWDER","Lb",12]
["F55","BAKING SODA","Units",1.2]
["A1","BUTTER","Kg",5]
["5W","COCOA POWDER","Kg",5]
["M153","MILK","LITER",1]

{"sheet":"MRP","index":1,"n_rows":8,"n_cols":6,"rows_kept":8,"cut":false,"hidden":false,"merged":[]}
["NAME","CHOCOLATE CAKE","Units"]
["ITEM2","AA15","5W","A1","M153","F55"]
["QNTITY",0.5,0.45,0.4,1,0.1]
["WORDS"]
["NAME","VANILLA CAKE","Units"]
["ITEM2","A1"]
["QNTITY",0.4]
["WORDS"]

{"sheet":"Sheet2","index":2,"n_rows":2,"n_cols":2,"rows_kept":2,"cut":false,"hidden":false,"merged":[]}
["CHOCOLATE CAKE","Units"]
["VANILLA CAKE","Units"]

{"sheet":"Production plan","index":3,"n_rows":1,"n_cols":3,"rows_kept":1,"cut":false,"hidden":false,"merged":[]}
["Product","Unit Type","Quantity"]

{"sheet":"Report","index":4,"n_rows":10,"n_cols":6,"rows_kept":10,"cut":false,"hidden":false,"merged":[]}
["Category","(Multiple Items)"]
[]
["SKU","Product","Packing unit","Price","Sum of Qnty per Unit","Tot Amount"]
["Final Product","CHOCOLATE CAKE","Units","(blank)",100]
["F55","BAKING SODA","Units",1.2,10,12]
["M153","MILK","LITER",1,100,100]
["A1","BUTTER","Kg",5,40,200]
["5W","COCOA POWDER","Kg",5,45,225]
["AA15","BAKING POWDER","Units","(blank)",50,0]
["Grand Total",null,null,null,345,537]

{"sheet":"BOM","index":5,"n_rows":7,"n_cols":7,"rows_kept":7,"cut":false,"hidden":false,"merged":[]}
["Category","SKU","Product","Packing unit","Qnty per Unit","Price","Total Amount"]
["Final product","Final Product","CHOCOLATE CAKE","Units",100]
["Material","F55","BAKING SODA","Units",10,1.2,{"$f":"E3*F3","v":12}]
["Material","M153","MILK","LITER",100,1,{"$f":"E4*F4","v":100}]
["Material","A1","BUTTER","Kg",40,5,{"$f":"E5*F5","v":200}]
["Material","5W","COCOA POWDER","Kg",45,5,{"$f":"E6*F6","v":225}]
["Material","AA15","BAKING POWDER","Units",50,null,{"$f":"E7*F7","v":0}]

{"sheet":"Sheet1","index":6,"n_rows":8,"n_cols":1,"rows_kept":8,"cut":false,"hidden":false,"merged":[]}
["UNITS"]
["Units"]
["Feet"]
["Box"]
["Lb"]
["EACH"]
["Kg"]
["LITER"]